书目信息 |
| 题名: |
军事学教程
|
|
| 作者: | ;国家教委体卫司《军事学教程》编委会 编 | |
| 分册: | ||
| 出版信息: | 北京 高等教育出版社 1996 |
|
| 页数: | 372页 | |
| 开本: | 20cm | |
| 丛书名: | ||
| 单 册: | ||
| 中图分类: | E0 | |
| 科图分类: | 36.03 | |
| 主题词: | 军事科学--高等学校--教材 | |
| 电子资源: | ||
| ISBN: | 7-04-005892-8 | |
| 000 | 00838nam0 2200253 45 | |
| 001 | 0198021902 | |
| 005 | 20070724091557.37 | |
| 010 | @a7-04-005892-8@dCNY11.60 | |
| 100 | @a19980421d1996 em y0chiy0121 ea | |
| 101 | 0 | @achi |
| 102 | @aCN@b210000 | |
| 102 | @aCN@b110000 | |
| 105 | @ay z 000yy | |
| 200 | 10 | @a军事学教程@Ajun shi xue jiao cheng@f国家教委体卫司《军事学教程》编委会编@Fguo jia jiao wei ti wei si《jun shi xue jiao cheng》bian wei hui bian |
| 205 | @a2版 | |
| 210 | @a北京@c高等教育出版社@d1996@h1999 | |
| 215 | @a372页@d20cm | |
| 300 | @a高等学校教材 | |
| 606 | @a军事科学@x高等学校@x教材 | |
| 690 | @aE0@v3 | |
| 692 | @a36.03@v2 | |
| 711 | 02 | @a国家教委体卫司《军事学教程》编委会@Aguo jia jiao wei ti wei si《jun shi xue jiao cheng》bian wei hui@4编 |
| 801 | 0 | @aCN@bTSSF@c20070724 |
| 905 | @a10447@dE0@e18=2 | |
| 军事学教程/国家教委体卫司《军事学教程》编委会编.-2版.-北京:高等教育出版社,1996(1999) |
| 372页;20cm |
| 高等学校教材 |
| ISBN 7-04-005892-8:CNY11.60 |
| ● |
| 相关链接 |
|
|
|
|
正题名:军事学教程
索取号:E0/18=2
 
预约/预借
| 序号 | 登录号 | 条形码 | 馆藏地/架位号 | 状态 | 备注 |
| 1 | 0767182 | 207671820 | 第一样本阅览室/ [索取号:E0/18=2] | 在馆 |